¡Petróleo–! /
Saved in:
| Main Author: | |
|---|---|
| Format: | Book |
| Language: | Spanish English |
| Published: |
Buenos Aires :
Americana,
i1955.
|
| Subjects: |
| LEADER | 01074nam a2200265 a 4500 | ||
|---|---|---|---|
| 003 | AR-BeUNQ | ||
| 005 | 20250217100824.0 | ||
| 008 | 181219s1955 ag 000 f spa d | ||
| 999 | |c 29770 |d 113570 | ||
| 040 | |a AR-BeUNQ |b spa | ||
| 041 | 1 | |a spa |h eng | |
| 082 | 0 | 4 | |2 21 |a 813 |
| 100 | 1 | |9 672 |a Sinclair, Upton |d 1878-1968 | |
| 245 | 1 | 1 | |a ¡Petróleo–! / |c Upton Sinclair. |
| 260 | |a Buenos Aires : |b Americana, |c i1955. | ||
| 300 | |a 375 p. ; |c 24 cm. | ||
| 500 | |a El ejemplar fue donado por Pedro Kanof "in memoria" de Renata Giorgetti, Sociologa, Danza, Terapista, Combatiente por la Justicia Social (Roma, 4.5.43 - 8.1.2006) y Gulio A. Maccacaro, Médico, Bioestadístico, Cambatiente por la Justicia Social (Codogno 8.1.1924 - Milano 15.1.1977). | ||
| 650 | 7 | |a Literatura (arte) |2 spines | |
| 650 | 7 | |a Literatura norteamericana |2 ttll | |
| 650 | 7 | |a Novelas |2 ttll | |
| 650 | 7 | |a Industria petrolífera |2 spines | |
| 650 | 7 | |a Movimiento obrero |2 toit | |
| 650 | 7 | |a Socialismo |2 spines | |
| 929 | |a DONACION |b Pedro Kanof |d 90,00 |e 20171204 |g 3328 |h 1 |f PAT0069353 |j 56852 | ||
| 942 | |c LIB |n 0 | ||